After the bloc : the new international relationsn Estern Europe.
| Main Author: | |
|---|---|
| Format: | Book |
| Published: |
London:
Royal Institute of International Affair,
1992.
|
| Series: | RIIA Discussion Paper No. 40
|
| Subjects: |
| LEADER | 00562cam a2200181 7i4500 | ||
|---|---|---|---|
| 001 | 0000003081 | ||
| 005 | 19991025090000.0 | ||
| 002 | ##000004415 | ||
| 020 | 0 | 0 | |a T000004087 |
| 090 | 0 | 0 | |a C 947 |b ROU |
| 100 | 1 | 0 | |a Roucek |
| 245 | 1 | 0 | |a After the bloc : the new international relationsn Estern Europe. |
| 260 | 0 | 0 | |a London: |b Royal Institute of International Affair, |c 1992. |
| 300 | 0 | 0 | |a 39 p.. |
| 440 | 0 | 0 | |a RIIA Discussion Paper No. 40 |
| 650 | 0 | 0 | |a International economic relations |
| 651 | 0 | 0 | |a Eastern Europe |
| 999 | |a 0000004745 |b Book |c Open shelf |e Business Information Centre | ||